| 000 | 00613cam a2200205 4500 | ||
|---|---|---|---|
| 001 | 34 | ||
| 008 | 040212s2004 nyu 000 1 eng | ||
| 010 | _a 2004045206 | ||
| 020 | _a0743222016 | ||
| 043 | _ae-gx--- | ||
| 100 | 1 | _aDeaver, Jeffery. | |
| 245 | 1 | 0 |
_aGarden of beasts : _ba novel of Berlin 1936 / _cJeffery Deaver. |
| 260 |
_aNew York : _bSimon & Schuster, _cc2004. |
||
| 300 | _ap. cm. | ||
| 650 | 0 |
_aAssassins _vFiction. |
|
| 650 | 0 |
_aCriminals _vFiction. |
|
| 651 | 0 |
_aBerlin (Germany) _xHistory _y1918-1945 _vFiction. |
|
| 651 | 0 |
_aGermany _xHistory _y1933-1945 _vFiction. |
|
| 655 | 7 |
_aSuspense fiction. _2gsafd |
|
| 999 |
_c29 _d29 |
||